| 000 | 00752nam a22002777a 4500 | ||
|---|---|---|---|
| 005 | 20260430145602.0 | ||
| 008 | 180917b2013 xxu||||| |||| 00| 0 spa d | ||
| 020 | _a9786073214919 | ||
| 041 | _aESP | ||
| 082 | _a371.335 P397e | ||
| 100 |
_aPeñalosa Castro, Eduardo _949689 |
||
| 245 | _aEstrategias docentes con tecnologías: guía práctica | ||
| 260 | _aMéxico | ||
| 260 | _bPearson | ||
| 260 | _c2013 | ||
| 300 | _a184 páginas | ||
| 490 | _aTecnologías de la Información | ||
| 650 | _aEDUCACIÓN | ||
| 650 | _aENSEÑANZA | ||
| 650 | _aTECNOLOGÍAS DE LA INFORMACIÓN | ||
| 650 | _aCOMUNICACIÓN | ||
| 650 | _aAPRENDIZAJE | ||
| 650 | _aHERRAMIENTAS DIGITALES | ||
| 650 | _aMEDIOS DE ENSEÑANZA | ||
| 942 |
_cBK _2ddc |
||
| 999 |
_c11115 _d11115 |
||